<?xml version="1.0" encoding="UTF-8"?>
<collection xmlns="http://www.loc.gov/MARC21/slim">
 <record>
  <leader>00527nam a22001695a 4500</leader>
  <controlfield tag="001">EHU.bham051100</controlfield>
  <controlfield tag="008">221025s2022####sp############000#0#spa#d</controlfield>
  <controlfield tag="005">20221025092839.0</controlfield>
  <datafield tag="245" ind1="0" ind2="0">
   <subfield code="a">Los peligros de fumar en la cama /</subfield>
   <subfield code="c">Mariana Enriquez.</subfield>
  </datafield>
  <datafield tag="260" ind1=" " ind2=" ">
   <subfield code="a">Barcelona :</subfield>
   <subfield code="b">Anagrama,</subfield>
   <subfield code="c">2022.</subfield>
  </datafield>
  <datafield tag="300" ind1=" " ind2=" ">
   <subfield code="a">229 p.</subfield>
  </datafield>
  <datafield tag="020" ind1=" " ind2=" ">
   <subfield code="a">9788433998248</subfield>
  </datafield>
  <datafield tag="100" ind1="1" ind2=" ">
   <subfield code="a">Enriquez, Mariana.</subfield>
  </datafield>
  <datafield tag="082" ind1="9" ind2="8">
   <subfield code="a">A863.5 En59-2</subfield>
  </datafield>
  <datafield tag="653" ind1=" " ind2=" ">
   <subfield code="a">Literatura argentina-2000-</subfield>
  </datafield>
  <datafield tag="653" ind1=" " ind2=" ">
   <subfield code="a">Cuento argentino-2000-</subfield>
  </datafield>
  <datafield tag="859" ind1=" " ind2=" ">
   <subfield code="a">AR-BHAM</subfield>
   <subfield code="b">BIB. HUMANIDADES - General</subfield>
   <subfield code="h">A863.5</subfield>
   <subfield code="i">En59-2</subfield>
   <subfield code="p">512.22</subfield>
  </datafield>
 </record>
</collection>
